Poesía

Guardat en:
Dades bibliogràfiques
Autor principal: Darío, Rubén (Autor)
Format: Llibre
Idioma:espanyol
Publicat: Zaragoza Ebro 1971
Edició:9a. ed
Col·lecció:Biblioteca Clásica Ebro
Matèries:
Etiquetes: Afegir etiqueta
Sense etiquetes, Sigues el primer a etiquetar aquest registre!

MARC

LEADER 00000nam a2200000 a 4500
001 UCT6452
003 CL-VaPUC
008 970113e19710000SP |||||||||||||||||spa|d
082 0 4 |a Ni861  |b DAR  |2 21 
100 0 |a Darío, Rubén  |e author  |9 268402 
245 1 0 |a Poesía 
250 |a 9a. ed 
300 |a 135 p 
942 |c BK 
945 |d 19970113 00:00:00  |a rbrito 
260 |a Zaragoza  |b Ebro  |c 1971 
650 7 |a POESIAS NICARAGUENSES  |2 CL-VaPUC  |9 266965 
583 |a last modification  |c 19970113 00:00:00  |k Rodrigo Vera 
490 0 |a Biblioteca Clásica Ebro 
999 |c 255156  |d 255154 
952 |0 0  |1 0  |4 0  |6 NI_861_000000000000000_DAR_1971  |7 0  |8 A  |9 277278  |a BIBEDU  |b BIBEDU  |d 2019-11-19  |i 3267121  |o Ni861 DAR 1971  |p 3267121  |r 2019-11-19  |w 2019-11-19  |y BK  |k LIT